[Event "ZN-2013-0-02486"]
[Site "LSS email"]
[Date "2013.11.08"]
[Round "?"]
[White "Usmanoff, Rustam"]
[Black "Tlamama, Justice"]
[Result "1-0"]
[WhiteElo "2100"]
[BlackElo "1000"]
[PlyCount "33"]
[EventDate "2013.11.02"]
[EventType "match (corr)"]
[EventRounds "2"]
[EventCountry "GER"]
[SourceTitle "Corr 2022"]
[Source "ChessBase"]
[SourceDate "2021.10.24"]
[SourceVersion "1"]
[SourceVersionDate "2021.10.24"]
[SourceQuality "1"]

1. e4 e5 2. Nf3 Nc6 3. Bb5 Nd4 4. Nxd4 exd4 5. 0-0 Bc5 6. Bc4 Nf6 7. e5 Ne4 8. Qe1 Ng5 9. d3 0-0 10. f4 Ne6 11. f5 Ng5 12. Qg3 d6 13. Bxg5 Qd7 14. Bf6 g6 15. Qg5 dxe5 16. Qh6 Qc6 17. Qg7# 1-0

[Event "ZL-2013-0-01348"]
[Site "LSS email"]
[Date "2013.10.28"]
[Round "?"]
[White "Couspeyre, Thierry"]
[Black "Tlamama, Justice"]
[Result "1-0"]
[WhiteElo "1155"]
[BlackElo "767"]
[PlyCount "51"]
[EventDate "2013.10.20"]
[EventType "match (corr)"]
[EventRounds "2"]
[EventCountry "GER"]
[SourceTitle "Telechess CBM 163"]
[Source "ChessBase"]
[SourceDate "2014.11.11"]
[SourceVersion "2"]
[SourceVersionDate "2014.11.11"]
[SourceQuality "1"]

1. e4 e5 2. f4 exf4 3. Nf3 a6 4. d4 d5 5. Nc3 Bg4 6. Nxd5 g5 7. Bc4 Bb4+ 8. Nxb4 Nf6 9. e5 Nh5 10. 0-0 0-0 11. c3 Nc6 12. Nxc6 bxc6 13. h3 Bxf3 14. Qxf3 Ng7 15. h4 h6 16. Qxc6 Nh5 17. Qxh6 Ng7 18. Bd3 f6 19. e6 Re8 20. Qh7+ Kf8 21. Qh8+ Ke7 22. Qxg7+ Kd6 23. hxg5 Rxe6 24. Bxf4+ Kc6 25. d5+ Qxd5 26. Qxc7# 1-0

[Event "ZL-2013-0-01348"]
[Site "LSS email"]
[Date "2013.10.28"]
[Round "?"]
[White "Tlamama, Justice"]
[Black "Couspeyre, Thierry"]
[Result "0-1"]
[WhiteElo "767"]
[BlackElo "1155"]
[PlyCount "40"]
[EventDate "2013.10.20"]
[EventType "match (corr)"]
[EventRounds "2"]
[EventCountry "GER"]
[SourceTitle "Telechess CBM 163"]
[Source "ChessBase"]
[SourceDate "2014.11.11"]
[SourceVersion "2"]
[SourceVersionDate "2014.11.11"]
[SourceQuality "1"]

1. e4 d5 2. Bb5+ c6 3. Bd3 e5 4. f3 Nf6 5. Nh3 dxe4 6. Bxe4 Nxe4 7. fxe4 Bxh3 8. gxh3 Qh4+ 9. Ke2 Qxe4+ 10. Kf2 Bc5+ 11. d4 Bxd4+ 12. Kf1 Qxh1+ 13. Ke2 Qxh2+ 14. Kd3 e4+ 15. Kc4 b5+ 16. Kb3 c5 17. c3 c4+ 18. Kb4 Qd6+ 19. Kxb5 Qa6+ 20. Kb4 Nc6# 0-1

[Event "IECC CL0-2013.00 email"]
[Site "IECC email"]
[Date "2013.10.17"]
[Round "?"]
[White "Trevis, Robert R"]
[Black "Tlamama, Justice"]
[Result "1-0"]
[WhiteElo "1069"]
[BlackElo "1000"]
[PlyCount "36"]
[EventDate "2013.09.10"]
[EventType "tourn (corr)"]
[EventRounds "4"]
[SourceTitle "Corr 2022"]
[Source "ChessBase"]
[SourceDate "2021.10.24"]
[SourceVersion "1"]
[SourceVersionDate "2021.10.24"]
[SourceQuality "1"]

1. e4 e5 2. Nf3 Qe7 3. Nc3 Nc6 4. Bc4 Nf6 5. 0-0 d6 6. d4 Nxd4 7. Nxd4 Bg4 8. f3 Bh5 9. Bb5+ c6 10. Nxc6 bxc6 11. Bxc6+ Nd7 12. Bxa8 g6 13. Nd5 Qd8 14. Bc6 Qb6+ 15. Nxb6 axb6 16. g4 Bxg4 17. fxg4 Be7 18. Qd5 0-0 1-0

[Event "IECC CL0-2013.00 email"]
[Site "IECC email"]
[Date "2013.10.15"]
[Round "?"]
[White "Tlamama, Justice"]
[Black "Raines, David T"]
[Result "0-1"]
[WhiteElo "1000"]
[BlackElo "1169"]
[PlyCount "50"]
[EventDate "2013.09.10"]
[EventType "tourn (corr)"]
[EventRounds "4"]
[SourceTitle "Corr 2022"]
[Source "ChessBase"]
[SourceDate "2021.10.24"]
[SourceVersion "1"]
[SourceVersionDate "2021.10.24"]
[SourceQuality "1"]

1. e4 c5 2. Nc3 d6 3. d3 g6 4. Nf3 Bg7 5. d4 cxd4 6. Nxd4 a6 7. h3 Nf6 8. f3 Nc6 9. Bc4 0-0 10. 0-0 Qc7 11. f4 e5 12. fxe5 dxe5 13. Nxc6 Qxc6 14. Bb3 Be6 15. Bf4 exf4 16. Ba4 Qb6+ 17. Rf2 Qxb2 18. Ne2 Nxe4 19. Rxf4 Qb6+ 20. Kh2 Be5 21. Qd2 Nxd2 22. Rd1 Bxf4+ 23. g3 Bh6 24. Nc3 Qf2+ 25. Kh1 Nf3 0-1

[Event "OP-2013-0-03057"]
[Site "LSS email"]
[Date "2013.10.13"]
[Round "?"]
[White "Jordaan, Wayne"]
[Black "Tlamama, Justice"]
[Result "1-0"]
[WhiteElo "1497"]
[BlackElo "847"]
[PlyCount "49"]
[EventDate "2013.10.10"]
[EventType "tourn (corr)"]
[EventRounds "4"]
[EventCountry "GER"]
[SourceTitle "Telechess CBM 167"]
[Source "ChessBase"]
[SourceDate "2015.07.13"]
[SourceVersion "1"]
[SourceVersionDate "2015.07.13"]
[SourceQuality "1"]

1. d4 d5 2. c4 Nf6 3. cxd5 Qxd5 4. Nc3 Qd7 5. Nf3 h6 6. e4 a6 7. Bc4 e6 8. 0-0 Bd6 9. e5 Ng4 10. exd6 Qxd6 11. Ne4 Qd8 12. Bf4 f5 13. Nc5 b6 14. Nxe6 Bxe6 15. Bxe6 Nc6 16. Rc1 Qe7 17. Rxc6 Nf6 18. Qb3 Rd8 19. Rxc7 Nd7 20. Re1 Kf8 21. Bg8 Rxg8 22. Rxe7 Kxe7 23. Ne5 Kf6 24. Rc6+ Ke7 25. Qf7# 1-0